000 00661nam a2200241Ia 4500
003 OSt
005 20220918203105.0
006 a|||||r|||| 00| 0
007 ta
008 220917b |||||||| |||| 00| 0 eng d
024 _a105,935
037 _cTextual
040 _aARTS
_cARTS
_beng
041 _2eng
_aeng
082 _aV3:19(X5).653.N53-N38, L7
100 _aMilburn J F
_9106750
245 0 _aBritish business and Ghanaian independence
260 _aLondon
_bC Hurst
_c1977
300 _aix, 156p.
_ccm.
650 _aHISTORY
942 _hV3:19(X5).653.N53-N38, L7
_cTEXL
_2CC
999 _c229293
_d229293